banner-ar

ثورت أسيا / (Record no. 43657)

MARC details
000 -الفاتح
حقل البيانات ثابتة الطول 00630nam a2200217Ia 4500
008 - عناصر البيانات ثابتة الطول - معلومات عامة
حقل البيانات ثابتة الطول 140319s9999 xx 000 0 ara d
040 ## - مصدر الفهرسة
وكالة الفهرسة الأصلية GCL /
وكالة النسخ GCL
082 04 - رقم تصنيف ديوى العشرى
رقم التصنيف 325.35
رقم المادة م ث
100 1# - المدخل الرئيسى - إسم شخصى
الإسم الشخصى محمد حموده(مترجم)
245 10 - بيان العنوان
العنوان ثورت أسيا /
بيان المسئوليه,etc محمد حموده(مترجم)
700 1# - المدخل الاضافى - اسم شخصى
الإسم الشخصى مند , تيبور
700 1# - المدخل الاضافى - اسم شخصى
الإسم الشخصى ربيع غيث (مراجعه)
300 ## - الوصف المادى
التعداد 168
490 ## - بيان السلسلة
عنوان السلسلة الالف كتاب
رقم المجلد/ التعيين التسلسلي 0
650 04 - المدخل الاضافى بالموضوع-مصطلح موضوعى
مصطلح موضوعي الاستقلال
650 04 - المدخل الاضافى بالموضوع-مصطلح موضوعى
مصطلح موضوعي الاستعمار
650 04 - المدخل الاضافى بالموضوع-مصطلح موضوعى
مصطلح موضوعي الاحتلال العسكرى
650 04 - المدخل الاضافى بالموضوع-مصطلح موضوعى
مصطلح موضوعي الثورات المضاده
942 ## - عناصر المدخل الإضافي( كوها)
مصدر التصنيف او مخطط الترفيف Dewey Decimal Classification
Koha [default] item type كتاب
Holdings
حالة التراجع حالة الفقد حالة تلف ليس للاعارة المكان المؤقت الموقع الحالى تاريخ الاكتساب اجمالي اﻻعارات رقم الطلب الباركود تاريخ اخر مشاهدة تاريخ تفعيل السعر نوع وعاء كوها
        مكتبة القاهرة الكبرى مكتبة القاهرة الكبرى 03/26/2014   325.35\م ث 105769 03/26/2014 03/26/2014 كتاب

Powered By

EGPV